000
00269nam a2200109Ia 4500
001
1272301
005
20260417151426.0
008
260417s9999 xx 000 0 und d
020
_a
9786257587204
245
0
_a
Çıtır Çıtır
_c
Betül Duran
260
_b
Ketebe Çocuk
999
_c
1272301
_d
1272301